Statistics for 1951-52 NCAA Men's Basketball AP Poll

Click here to take the quiz!

General Stats

  • This quiz has been taken 7 times
  • The average score is 166 of 260

Answer Stats

WeekRankTeamWLConference% Correct
Week 1 (12/10)1Kentucky10SEC
100%
Week 12 (2/26)1Kentucky242SEC
100%
Week 6 (1/15)3Kentucky102SEC
100%
Week 11 (2/19)6Washington213Pacific Coast
100%
Week 11 (2/19)12West Virginia192SoCon
100%
Week 5 (1/8)11West Virginia81SoCon
100%
Week 5 (1/8)10Iowa80Big Ten
100%
Week 5 (1/8)6Washington102Pacific Coast
100%
Week 5 (1/8)3Kentucky82SEC
100%
Week 4 (1/1)12Iowa70Big Ten
100%
Week 11 (2/19)4Iowa161Big Ten
100%
Week 12 (2/26)6Washington224Pacific Coast
100%
Week 12 (2/26)7Iowa182Big Ten
100%
Week 4 (1/1)4Kentucky62SEC
100%
Week 4 (1/1)3Washington101Pacific Coast
100%
Week 3 (12/25)16UCLA52Pacific Coast
100%
Week 12 (2/26)10West Virginia212SoCon
100%
Week 12 (2/26)15Duke205SoCon
100%
Week 6 (1/15)4Iowa100Big Ten
100%
Week 11 (2/19)1Kentucky222SEC
100%
Week 3 (12/25)1Kentucky41SEC
100%
Week 10 (2/12)1Kentucky212SEC
100%
Week 9 (2/5)8Washington173Pacific Coast
100%
Week 9 (2/5)9Iowa131Big Ten
100%
Week 9 (2/5)12West Virginia142SoCon
100%
Week 8 (1/29)10West Virginia121SoCon
100%
Week 8 (1/29)9Washington153Pacific Coast
100%
Week 8 (1/29)8Iowa121Big Ten
100%
Week 8 (1/29)1Kentucky142SEC
100%
Week 10 (2/12)5Iowa141Big Ten
100%
Week 6 (1/15)8Washington122Pacific Coast
100%
Week 7 (1/22)9West Virginia111SoCon
100%
Week 10 (2/12)8Washington193Pacific Coast
100%
Week 7 (1/22)6Washington142Pacific Coast
100%
Week 7 (1/22)4Iowa120Big Ten
100%
Week 7 (1/22)3Kentucky122SEC
100%
Week 10 (2/12)14West Virginia152SoCon
100%
Week 6 (1/15)10West Virginia91SoCon
100%
Week 3 (12/25)3Washington71Pacific Coast
100%
Week 9 (2/5)1Kentucky182SEC
100%
Final Poll7Iowa193Big Ten
100%
Final Poll12Duke225SoCon
100%
Final Poll9West Virginia223SoCon
100%
Final Poll6Washington244Pacific Coast
100%
Week 2 (12/17)15Minnesota22Big Ten
100%
Week 1 (12/10)12Duke40SoCon
100%
Week 1 (12/10)6Washington11Pacific Coast
100%
Final Poll1Kentucky282SEC
100%
Week 2 (12/17)8Washington51Pacific Coast
100%
Week 2 (12/17)2Kentucky21SEC
100%
Final Poll19UCLA179Pacific Coast
100%
Week 2 (12/17)19Duke51SoCon
100%
Week 11 (2/19)2Kansas State163Big Seven
83%
Week 6 (1/15)2Illinois100Big Ten
83%
Week 1 (12/10)14Notre Dame30Independent
83%
Week 10 (2/12)9Kansas152Big Seven
83%
Week 1 (12/10)16Stanford30Pacific Coast
83%
Week 3 (12/25)2Illinois50Big Ten
83%
Week 7 (1/22)2Kansas130Big Seven
83%
Week 7 (1/22)1Illinois110Big Ten
83%
Week 10 (2/12)10St. John's172Metropolitan New York
83%
Week 6 (1/15)17NC State113SoCon
83%
Week 1 (12/10)17Louisville30Independent
83%
Final Poll10St. John's213Metropolitan New York
83%
Week 10 (2/12)15Louisville173Independent
83%
Week 6 (1/15)14Indiana82Big Ten
83%
Week 6 (1/15)13Louisville112Independent
83%
Week 2 (12/17)3Illinois20Big Ten
83%
Week 10 (2/12)20Indiana104Big Ten
83%
Week 6 (1/15)9Kansas State103Big Seven
83%
Week 2 (12/17)1St. John's50Metropolitan New York
83%
Week 2 (12/17)20Notre Dame40Independent
83%
Week 1 (12/10)11Indiana30Big Ten
83%
Week 7 (1/22)7Kansas State123Big Seven
83%
Final Poll17Louisville205Independent
83%
Week 9 (2/5)3Illinois131Big Ten
83%
Week 9 (2/5)6Kansas142Big Seven
83%
Week 1 (12/10)3Illinois10Big Ten
83%
Week 9 (2/5)10St. John's132Metropolitan New York
83%
Week 8 (1/29)15St. John's132Metropolitan New York
83%
Week 1 (12/10)5Kansas State30Big Seven
83%
Week 8 (1/29)13Indiana103Big Ten
83%
Week 8 (1/29)12Louisville152Independent
83%
Week 9 (2/5)13Louisville162Independent
83%
Week 1 (12/10)8Kansas20Big Seven
83%
Week 10 (2/12)6Illinois132Big Ten
83%
Week 8 (1/29)4Kansas131Big Seven
83%
Week 8 (1/29)3Illinois111Big Ten
83%
Week 8 (1/29)2Kansas State133Big Seven
83%
Week 7 (1/22)20Indiana93Big Ten
83%
Week 9 (2/5)18Indiana104Big Ten
83%
Week 1 (12/10)10NC State30SoCon
83%
Week 7 (1/22)15St. John's122Metropolitan New York
83%
Week 7 (1/22)14Louisville142Independent
83%
Week 10 (2/12)2Kansas State153Big Seven
83%
Week 1 (12/10)2St. John's30Metropolitan New York
83%
Week 11 (2/19)5Illinois152Big Ten
83%
Week 6 (1/15)1Kansas120Big Seven
83%
Week 5 (1/8)19Michigan State60Big Ten
83%
Week 3 (12/25)19NC State52SoCon
83%
Final Poll8Kansas202Big Seven
83%
Week 11 (2/19)7Kansas172Big Seven
83%
Week 12 (2/26)3Kansas State163Big Seven
83%
Week 4 (1/1)9Kansas State83Big Seven
83%
Week 4 (1/1)8St. John's81Metropolitan New York
83%
Week 4 (1/1)5Indiana70Big Ten
83%
Final Poll3Kansas State184Big Seven
83%
Week 4 (1/1)2Illinois60Big Ten
83%
Week 4 (1/1)1Kansas100Big Seven
83%
Week 12 (2/26)8Kansas192Big Seven
83%
Week 4 (1/1)17NC State82SoCon
83%
Week 12 (2/26)9St. John's203Metropolitan New York
83%
Final Poll2Illinois192Big Ten
83%
Week 3 (12/25)13Stanford91Pacific Coast
83%
Week 12 (2/26)13Louisville194Independent
83%
Week 3 (12/25)9Notre Dame60Independent
83%
Week 3 (12/25)8Kansas State62Big Seven
83%
Week 3 (12/25)7St. John's61Metropolitan New York
83%
Week 3 (12/25)5Indiana50Big Ten
83%
Week 3 (12/25)4Kansas70Big Seven
83%
Week 4 (1/1)14Notre Dame71Independent
83%
Week 12 (2/26)2Illinois172Big Ten
83%
Week 5 (1/8)1Kansas110Big Seven
83%
Week 5 (1/8)2Illinois80Big Ten
83%
Week 11 (2/19)15Louisville184Independent
83%
Week 5 (1/8)4Indiana80Big Ten
83%
Week 2 (12/17)7Kansas50Big Seven
83%
Week 2 (12/17)6Indiana40Big Ten
83%
Week 5 (1/8)7Kansas State93Big Seven
83%
Week 2 (12/17)9NC State41SoCon
83%
Week 9 (2/5)2Kansas State133Big Seven
83%
Week 5 (1/8)12St. John's91Metropolitan New York
83%
Week 4 (1/1)20Michigan State60Big Ten
83%
Week 2 (12/17)5Kansas State51Big Seven
83%
Week 5 (1/8)15Louisville92Independent
83%
Week 11 (2/19)8St. John's182Metropolitan New York
83%
Week 5 (1/8)14Syracuse60Independent
67%
Week 3 (12/25)15Utah91Mountain States
67%
Week 11 (2/19)13Penn State171Independent
67%
Week 9 (2/5)14Penn State131Independent
67%
Week 9 (2/5)16Oklahoma A&M124Missouri Valley
67%
Week 1 (12/10)18Vanderbilt30SEC
67%
Week 4 (1/1)18Utah112Mountain States
67%
Week 3 (12/25)20Syracuse50Independent
67%
Week 4 (1/1)19Syracuse50Independent
67%
Week 7 (1/22)17Utah164Mountain States
67%
Week 10 (2/12)17Penn State151Independent
67%
Week 2 (12/17)13Oklahoma A&M40Missouri Valley
67%
Week 1 (12/10)13Oklahoma A&M10Missouri Valley
67%
Week 10 (2/12)12Seton Hall181Independent
50%
Week 11 (2/19)19Wyoming214Mountain States
50%
Week 11 (2/19)20La Salle184Independent
50%
Week 12 (2/26)16Wyoming235Mountain States
50%
Final Poll14Seton Hall252Independent
50%
Week 12 (2/26)19Villanova167Independent
50%
Week 9 (2/5)17Seton Hall171Independent
50%
Week 9 (2/5)19La Salle142Independent
50%
Week 11 (2/19)14Seton Hall211Independent
50%
Week 10 (2/12)18DePaul184Independent
50%
Final Poll16Wyoming236Mountain States
50%
Week 12 (2/26)14Seton Hall222Independent
50%
Final Poll20Texas State240NAIA (non-NCAA)
50%
Week 3 (12/25)17La Salle60Independent
50%
Week 2 (12/17)14Wyoming41Mountain States
50%
Week 3 (12/25)14Villanova50Independent
50%
Week 4 (1/1)11Seton Hall70Independent
50%
Week 3 (12/25)10Seton Hall60Independent
50%
Week 7 (1/22)12TCU141Southwest
50%
Week 4 (1/1)13La Salle70Independent
50%
Week 7 (1/22)13Seton Hall141Independent
50%
Week 2 (12/17)18Villanova30Independent
50%
Week 6 (1/15)16TCU141Southwest
50%
Week 7 (1/22)18La Salle121Independent
50%
Week 2 (12/17)12La Salle50Independent
50%
Week 6 (1/15)15La Salle101Independent
50%
Week 2 (12/17)10Seton Hall50Independent
50%
Week 8 (1/29)11Seton Hall151Independent
50%
Week 6 (1/15)12Seton Hall121Independent
50%
Week 5 (1/8)9Seton Hall100Independent
50%
Week 1 (12/10)15Villanova20Independent
50%
Week 1 (12/10)9La Salle40Independent
50%
Week 8 (1/29)19DePaul154Independent
50%
Week 1 (12/10)7Seton Hall40Independent
50%
Week 4 (1/1)6NYU120Metropolitan New York
33%
Week 11 (2/19)18Siena163Independent
33%
Week 11 (2/19)17Holy Cross172Independent
33%
Week 4 (1/1)16Murray State100Ohio Valley
33%
Week 11 (2/19)11Dayton212Independent
33%
Week 8 (1/29)20Fordham122Metropolitan New York
33%
Week 12 (2/26)17Holy Cross192Independent
33%
Week 3 (12/25)18Murray State100Ohio Valley
33%
Week 12 (2/26)11Dayton232Independent
33%
Week 3 (12/25)6NYU110Metropolitan New York
33%
Week 5 (1/8)20Dayton102Independent
33%
Week 12 (2/26)20Siena184Independent
33%
Week 2 (12/17)17Holy Cross30Independent
33%
Week 2 (12/17)11NYU100Metropolitan New York
33%
Week 1 (12/10)20NYU70Metropolitan New York
33%
Final Poll11Dayton242Independent
33%
Week 1 (12/10)19Eastern Kentucky40Ohio Valley
33%
Final Poll13Holy Cross213Independent
33%
Week 5 (1/8)17Siena122Independent
33%
Week 5 (1/8)13NYU131Metropolitan New York
33%
Week 7 (1/22)11Holy Cross112Independent
33%
Week 6 (1/15)20Holy Cross81Independent
33%
Week 10 (2/12)11Dayton182Independent
33%
Week 10 (2/12)16Siena143Independent
33%
Week 10 (2/12)19Holy Cross142Independent
33%
Week 8 (1/29)14Dayton162Independent
33%
Week 9 (2/5)11Dayton172Independent
33%
Week 6 (1/15)11Siena122Independent
33%
Week 8 (1/29)17Holy Cross112Independent
33%
Week 8 (1/29)18Siena133Independent
33%
Week 7 (1/22)19Siena123Independent
33%
Week 7 (1/22)16Dayton142Independent
33%
Week 6 (1/15)19Dayton122Independent
33%
Final Poll5Saint Louis207Missouri Valley
17%
Week 2 (12/17)16Western Kentucky60Ohio Valley
17%
Week 9 (2/5)20Western Kentucky153Ohio Valley
17%
Week 12 (2/26)18Western Kentucky234Ohio Valley
17%
Week 8 (1/29)5St. Bonaventure120Little Three
17%
Final Poll4Duquesne211Independent
17%
Week 2 (12/17)4Saint Louis31Missouri Valley
17%
Week 8 (1/29)6Saint Louis124Missouri Valley
17%
Week 9 (2/5)15Oklahoma City134Independent
17%
Week 8 (1/29)7Duquesne110Independent
17%
Week 10 (2/12)4St. Bonaventure160Little Three
17%
Week 8 (1/29)16Oklahoma City104Independent
17%
Final Poll15St. Bonaventure193Little Three
17%
Week 9 (2/5)7Saint Louis155Missouri Valley
17%
Week 9 (2/5)5Duquesne150Independent
17%
Final Poll18Seattle297Independent
17%
Week 1 (12/10)4Saint Louis10Missouri Valley
17%
Week 10 (2/12)3Duquesne160Independent
17%
Week 6 (1/15)5Saint Louis103Missouri Valley
17%
Week 7 (1/22)10Duquesne110Independent
17%
Week 6 (1/15)18Oklahoma City93Independent
17%
Week 5 (1/8)18Oklahoma City72Independent
17%
Week 6 (1/15)6St. Bonaventure100Little Three
17%
Week 5 (1/8)16Duquesne80Independent
17%
Week 11 (2/19)9Saint Louis176Missouri Valley
17%
Week 11 (2/19)10St. Bonaventure172Little Three
17%
Week 6 (1/15)7Duquesne100Independent
17%
Week 9 (2/5)4St. Bonaventure130Little Three
17%
Week 5 (1/8)8St. Bonaventure70Little Three
17%
Week 5 (1/8)5Saint Louis92Missouri Valley
17%
Week 11 (2/19)16Seattle265Independent
17%
Week 4 (1/1)15Oklahoma City71Independent
17%
Week 3 (12/25)11Western Kentucky80Ohio Valley
17%
Week 10 (2/12)13Oklahoma City134Independent
17%
Week 4 (1/1)10St. Bonaventure60Little Three
17%
Week 12 (2/26)4Duquesne191Independent
17%
Week 12 (2/26)5Saint Louis196Missouri Valley
17%
Week 4 (1/1)7Saint Louis72Missouri Valley
17%
Week 7 (1/22)5St. Bonaventure100Little Three
17%
Week 7 (1/22)8Saint Louis114Missouri Valley
17%
Week 10 (2/12)7Saint Louis166Missouri Valley
17%
Week 11 (2/19)3Duquesne170Independent
17%
Week 3 (12/25)12Saint Louis42Missouri Valley
17%
Week 12 (2/26)12St. Bonaventure183Little Three
17%

Score Distribution

Percentile by Number Answered

Percent of People with Each Score

Your Score History

You have not taken this quiz